Sinh thái học các hệ cửa sông Việt Nam : Khai thác, duy trì và quản lý tài nguyên cho phát triển bền vững
Giới thiệu một vài đặc tính cơ bản về vùng cửa sông, đặc biệt là các hệ cửa sông Việt Nam và sinh thái học các hệ cửa sông cơ bản. Vấn đề khai thác và sử dụng các dạng tài nguyên, khai thác hợp lí, duy trì, phát triển và bảo vệ môi...
Guardat en:
| Autor principal: | |
|---|---|
| Format: | Llibre |
| Idioma: | Vietnamese |
| Publicat: |
H.
Giáo dục
2009
|
| Matèries: | |
| Etiquetes: |
Afegir etiqueta
Sense etiquetes, Sigues el primer a etiquetar aquest registre!
|
| Thư viện lưu trữ: | Thư viện Trường Đại học Nam Cần Thơ |
|---|
| LEADER | 01781aam a22002418a 4500 | ||
|---|---|---|---|
| 001 | NCT_17589 | ||
| 008 | 091221s2009 ||||||viesd | ||
| 999 | |c 835 |d 835 | ||
| 020 | |c 43500 | ||
| 082 | 0 | 4 | |2 23rd ed. |a 333.78 |b T106 |
| 100 | 1 | |a Vũ Trung Tạng | |
| 245 | 1 | 0 | |a Sinh thái học các hệ cửa sông Việt Nam : |b Khai thác, duy trì và quản lý tài nguyên cho phát triển bền vững |c Vũ Trung Tạng |
| 260 | |a H. |b Giáo dục |c 2009 | ||
| 300 | |a 327tr. |b bảng |c 24cm | ||
| 520 | 3 | |a Giới thiệu một vài đặc tính cơ bản về vùng cửa sông, đặc biệt là các hệ cửa sông Việt Nam và sinh thái học các hệ cửa sông cơ bản. Vấn đề khai thác và sử dụng các dạng tài nguyên, khai thác hợp lí, duy trì, phát triển và bảo vệ môi trường theo quan điểm phát triển bền vững | |
| 653 | |a Kỹ thuật môi trường | ||
| 653 | |a Quản lý Tài nguyên & Môi trường | ||
| 942 | |2 ddc |c BK | ||
| 952 | |0 0 |1 0 |2 ddc |4 0 |6 333_780000000000000_T106 |7 0 |9 5045 |a 000001 |b 000001 |d 2017-12-01 |o 333.78 T106 |p MD.04059 |r 2017-12-01 |v 43500.00 |w 2017-12-01 |y BK | ||
| 952 | |0 0 |1 0 |2 ddc |4 0 |6 333_780000000000000_T106 |7 0 |9 5046 |a 000001 |b 000001 |d 2017-12-01 |o 333.78 T106 |p MD.04060 |r 2017-12-01 |v 43500.00 |w 2017-12-01 |y BK | ||
| 952 | |0 0 |1 0 |2 ddc |4 0 |6 333_780000000000000_T106 |7 0 |9 5047 |a 000001 |b 000001 |d 2017-12-01 |l 2 |o 333.78 T106 |p MD.04061 |r 2019-10-30 |s 2019-10-23 |v 43500.00 |w 2017-12-01 |y BK | ||
| 952 | |0 0 |1 0 |2 ddc |4 0 |6 333_780000000000000_T106 |7 0 |9 5048 |a 000001 |b 000001 |d 2017-12-01 |o 333.78 T106 |p MD.04062 |r 2017-12-01 |v 43500.00 |w 2017-12-01 |y BK | ||
| 980 | |a Thư viện Trường Đại học Nam Cần Thơ | ||